Mapping the dynamics of science and technology (Record no. 50333)

MARC details
000 -LEADER
fixed length control field 00590nam a2200157 a 4500
008 - FIXED-LENGTH DATA ELEMENTS--GENERAL INFORMATION
fixed length control field 080109s1986 ||||||||||||||||| || u
050 ## - LIBRARY OF CONGRESS CALL NUMBER
Classification number Q 181.3 Map
100 ## - MAIN ENTRY--PERSONAL NAME
Personal name Law, John
245 10 - TITLE STATEMENT
Title Mapping the dynamics of science and technology
Statement of responsibility, etc. edited by Michel Callon
246 ## - VARYING FORM OF TITLE
Title proper/short title sociology of science in the real world
260 ## - PUBLICATION, DISTRIBUTION, ETC.
Place of publication, distribution, etc. Hampshire
Name of publisher, distributor, etc. Macmillan
Date of publication, distribution, etc. 1986
300 ## - PHYSICAL DESCRIPTION
Extent xvii, 242p : ill
350 ## - PRICE (NR) (BK AM CF MU VM SE) [OBSOLETE]
Price 0.00
700 ## - ADDED ENTRY--PERSONAL NAME
Personal name Rip, Arie
995 ## - RECOMMENDATION 995 [LOCAL, UNIMARC FRANCE]
-- 0.00
-- CBU-MAIN LIBRARY (Kitwe)
-- 1
-- 35.00
-- 1
-- AVAILABLE
-- Annex Low-Usage Collection
Holdings
Withdrawn status Lost status Source of classification or shelving scheme Damaged status Not for loan Home library Current library Shelving location Date acquired Total Checkouts Full call number Barcode Date last seen Price effective from Koha item type
          CBU-MAIN LIBRARY, KITWE. CBU-MAIN LIBRARY, KITWE.   11/30/2022   Q 181.3 Map 011036 11/30/2022 11/30/2022 MONOGRAPH